Women of the Bible / (Record no. 193876)
[ view plain ]
| 000 -LEADER | |
|---|---|
| fixed length control field | 00772 a2200157 4500 |
| 003 - CONTROL NUMBER IDENTIFIER | |
| control field | Nust |
| 005 - DATE AND TIME OF LATEST TRANSACTION | |
| control field | 20230227115743.0 |
| 040 ## - CATALOGING SOURCE | |
| Transcribing agency | Nust |
| 082 ## - DEWEY DECIMAL CLASSIFICATION NUMBER | |
| Classification number | 220,MOR |
| 100 ## - MAIN ENTRY--PERSONAL NAME | |
| Personal name | H.V Morton |
| 9 (RLIN) | 109590 |
| 245 ## - TITLE STATEMENT | |
| Title | Women of the Bible / |
| Statement of responsibility, etc. | H.V Morton |
| 260 ## - PUBLICATION, DISTRIBUTION, ETC. | |
| Place of publication, distribution, etc. | london |
| Name of publisher, distributor, etc. | Methuen & Co |
| Date of publication, distribution, etc. | 1941 |
| 300 ## - PHYSICAL DESCRIPTION | |
| Extent | 175p; |
| 505 ## - FORMATTED CONTENTS NOTE | |
| Formatted contents note | Introduction (Page-1), Eve (Page-7), Sarah (Page-15), Lots Wife (Page-25), Rebekah (Page-31), Pachel (Page-39), Potiphar Wife (Page-45), Pharaoh Daughter (Page-53), Rahab (Page-59), Ruth (Page-65), Deborah (Page-79), Delilah (Page-79), The Witch of Endor (Page-85), Michal (Page-93), Abigail (Page-101), The Queen of Sheba (Page-109), Jezebel (Page-115), Bethkehem (Page-151), Pilates Wife (Page-157), Mary Magdalene (Page-167). |
| 942 ## - ADDED ENTRY ELEMENTS (KOHA) | |
| Source of classification or shelving scheme | |
| Koha item type | Book |
| Withdrawn status | Lost status | Source of classification or shelving scheme | Damaged status | Not for loan | Permanent Location | Current Location | Shelving location | Date acquired | Full call number | Barcode | Date last seen | Price effective from | Koha item type | Public note |
|---|---|---|---|---|---|---|---|---|---|---|---|---|---|---|
| Military College of Signals (MCS) | Military College of Signals (MCS) | General Stacks | 12/12/2016 | 220,MOR | MCS29607 | 12/08/2016 | 12/12/2016 | Book | Almirah No.73, Shelf No.2 |
